000 00625nam a2200241 a 4500
003 MX-MxUPN
005 20260109063953.0
008 200130s1994 sp r 000 0 spa d
020 _a8430924914
035 _aUPN01000235214
040 _aMX-MxUPN
_bspa
_cMX-MxUPN
041 0 _aspa
050 1 4 _aQ181
_bT74 1994
100 1 _aTrevijano, Manuel,
_d1930-2000
_947080
245 1 0 _aEn torno a la ciencia
260 _aMadrid :
_bTecnos,
_c1994.
300 _a262 páginas
490 0 _aFilosofía y ensayo
650 4 _aCiencia
_97469
902 _aVíctor Ruiz/131022
942 _2lcc
_cLIBRO
999 _c207309
_d207309